00612pam a2200193 a 4500008004100000020002200041245009500063260002900158300004700187500002000234504004100254650002300295650002600318700002300344700002400367003000100391005001700392040000900409  a0340807229 (hbk.)00aDiseases of the visceral circulation /cedited by George Geroulakos and Kenneth J. Cherry. aLondon :bArnold,c2002. aviii, 228 p. :bill. (some col.) ;c25 cm. aIncludes index. aIncludes bibliographical references. 0aVisceraxDiseases. 0aIntestinesxDiseases. aCherry, Kenneth J.1 aGeroulakos, George.20230120204024.0 cNUST